[Event "CAN-ch U20 1982-83"]
[Site "Toronto CAN"]
[Date "1982.12.31"]
[Round "6"]
[White "Moffat, Andrei"]
[Black "Barclay, Wayne"]
[Result "0-1"]
[WhiteElo "1946"]
[BlackElo "2177"]
[PlyCount "108"]
[GameId "2160767912811106"]
[EventDate "1982.12.26"]
[EventType "tourn"]
[EventRounds "11"]
[EventCountry "CAN"]
[SourceTitle "FQE 05"]

1. e4 e6 2. d4 d5 3. Nc3 Bb4 4. Nge2 dxe4 5. a3 Bxc3+ 6. Nxc3 Nc6 7. Bb5 Nge7 8. Bg5 f6 9. Be3 O-O 10. Nxe4 f5 11. Ng5 f4 12. Bd2 Qxd4 13. Bd3 Qe5+ 14. Ne4 Bd7 15. Bc3 Nd4 16. Bxd4 Qxd4 17. O-O Qe5 18. Re1 Rad8 19. Qg4 Qf5 20. Qe2 Ng6 21. Nd2 Qg5 22. Nf3 Qf6 23. Bxg6 Qxg6 24. Ne5 Qf5 25. Nxd7 Rxd7 26. Qxe6+ Qxe6 27. Rxe6 Rd2 28. Rc1 f3 29. g3 Rfd8 30. Kf1 Kf7 31. Re3 Rd1+ 32. Rxd1 Rxd1+ 33. Re1 Rd2 34. Re3 Rxc2 35. Rxf3+ Ke6 36. Re3+ Kd6 37. Re2 Rc1+ 38. Kg2 c5 39. f4 c4 40. g4 c3 41. bxc3 Rxc3 42. Rb2 Kc6 43. Ra2 b5 44. f5 Kd6 45. Rb2 a6 46. a4 bxa4 47. Ra2 a3 48. g5 Rb3 49. Rd2+ Ke5 50. f6 gxf6 51. gxf6 Kxf6 52. Rd6+ Ke5 53. Rxa6 Kd4 54. h4 Kc3 0-1

[Event "CAN-ch U20 1982-83"]
[Site "Toronto CAN"]
[Date "1982.12.31"]
[Round "6"]
[White "O'Donnell, Tom"]
[Black "Bolduc, Steve"]
[Result "1-0"]
[WhiteElo "2163"]
[BlackElo "2099"]
[PlyCount "53"]
[GameId "2160767912811107"]
[EventDate "1982.12.26"]
[EventType "tourn"]
[EventRounds "11"]
[EventCountry "CAN"]
[SourceTitle "FQE 05"]

1. e4 c6 2. d4 d5 3. Nc3 dxe4 4. Nxe4 Nd7 5. Nf3 Ngf6 6. Ng3 e6 7. Bd3 c5 8. c3 cxd4 9. cxd4 Bb4+ 10. Bd2 Qa5 11. O-O Bxd2 12. Nxd2 Nb6 13. Nde4 Nxe4 14. Nxe4 Qb4 15. Rc1 Bd7 16. Bb1 Bc6 17. Qg4 f5 18. Qxg7 O-O-O 19. Rxc6+ bxc6 20. Nc5 Nd5 21. Nxe6 Rdg8 22. Qe5 f4 23. Be4 Qb8 24. Qf5 Ne7 25. Qh3 Kb7 26. Nc5+ Ka8 27. Qd7 1-0

[Event "CAN-ch U20 1982-83"]
[Site "Toronto CAN"]
[Date "1983.01.01"]
[Round "7"]
[White "Bailey, Doug"]
[Black "O'Donnell, Tom"]
[Result "1-0"]
[WhiteElo "2105"]
[BlackElo "2163"]
[PlyCount "153"]
[GameId "2160767912811109"]
[EventDate "1982.12.26"]
[EventType "tourn"]
[EventRounds "11"]
[EventCountry "CAN"]
[SourceTitle "FQE 05"]

1. e4 e5 2. Nf3 Nf6 3. Nxe5 d6 4. Nf3 Nxe4 5. Qe2 Qe7 6. d3 Nf6 7. Bg5 Qxe2+ 8. Bxe2 Be7 9. Nc3 c6 10. O-O-O O-O 11. Rhe1 Bg4 12. Nd4 Bxe2 13. Rxe2 Bd8 14. Nf5 d5 15. Ne7+ Kh8 16. Bxf6 gxf6 17. Nf5 Na6 18. Rde1 Nc5 19. Re8 Kg8 20. R1e3 Bc7 21. Rxf8+ Kxf8 22. Rh3 Kg8 23. Rh4 Ne6 24. Ne2 Re8 25. Kd2 Kh8 26. Rg4 Rf8 27. Nh6 a6 28. c3 b6 29. h4 b5 30. Ke3 Ng7 31. Ng3 Re8+ 32. Kf3 Bxg3 33. Rxg3 Rf8 34. b4 f5 35. Ke2 f4 36. Rf3 Nh5 37. Nf5 Rc8 38. Nd4 c5 39. bxc5 Rxc5 40. Kd2 Rc8 41. Ne2 Rg8 42. Nxf4 Nxf4 43. Rxf4 Rxg2 44. Rxf7 Rh2 45. Rf4 Rh3 46. a4 bxa4 47. Rxa4 Kg7 48. Rxa6 Rxh4 49. Ra5 d4 50. cxd4 Rxd4 51. Ke3 Rh4 52. f4 Rh1 53. Ra2 Kf6 54. Ke4 Re1+ 55. Kd5 Kf5 56. Rf2 h5 57. d4 h4 58. Rh2 Kg4 59. f5 Kxf5 60. Rxh4 Kf6 61. Kd6 Kf7 62. d5 Rd1 63. Re4 Rd2 64. Kc6 Rg2 65. d6 Ra2 66. Kc7 Ra7+ 67. Kb6 Ra1 68. d7 Rb1+ 69. Kc7 Rc1+ 70. Kd8 Rd1 71. Re2 Rd3 72. Rf2+ Kg7 73. Rf4 Kg8 74. Kc7 Rc3+ 75. Kd6 Rd3+ 76. Ke6 Kg7 77. Rf5 1-0

[Event "CAN-ch U20 1982-83"]
[Site "Toronto CAN"]
[Date "1983.01.01"]
[Round "7"]
[White "Barclay, Wayne"]
[Black "Lingo, Richard"]
[Result "0-1"]
[WhiteElo "2177"]
[BlackElo "1871"]
[PlyCount "88"]
[GameId "2160767912811110"]
[EventDate "1982.12.26"]
[EventType "tourn"]
[EventRounds "11"]
[EventCountry "CAN"]
[SourceTitle "FQE 05"]

1. d4 d5 2. c4 dxc4 3. Nf3 a6 4. e3 Bg4 5. Bxc4 e6 6. Nc3 Nf6 7. O-O Nc6 8. h3 Bh5 9. Qe2 Bd6 10. Rd1 O-O 11. g4 Bg6 12. a3 Qe7 13. e4 e5 14. d5 Nd4 15. Qd3 h5 16. Nh2 b5 17. Ba2 Qd7 18. Bg5 hxg4 19. Bxf6 gxf6 20. hxg4 a5 21. Ne2 Nxe2+ 22. Qxe2 Kg7 23. Rd3 Rh8 24. Rg3 Rh4 25. Rc1 Rah8 26. Rg2 Qe8 27. b4 axb4 28. axb4 R8h7 29. Bb1 Qh8 30. f3 Qb8 31. Qd2 Qa7+ 32. Kh1 Qa3 33. Qc3 Qa7 34. Bd3 Qe3 35. Bxb5 Qf4 36. Rcc2 Bxb4 37. Qd3 Be1 38. Kg1 Bg3 39. Qd2 Rxh2 40. Rxh2 Bxh2+ 41. Kf2 Qg3+ 42. Ke3 Bg1+ 43. Kd3 Qxf3+ 44. Kc4 Qxe4+ 0-1

[Event "CAN-ch U20 1982-83"]
[Site "Toronto CAN"]
[Date "1983.01.01"]
[Round "7"]
[White "Dauvergne, Peter"]
[Black "Moffat, Andrei"]
[Result "1-0"]
[WhiteElo "1991"]
[BlackElo "1946"]
[PlyCount "78"]
[GameId "2160767912811112"]
[EventDate "1982.12.26"]
[EventType "tourn"]
[EventRounds "11"]
[EventCountry "CAN"]
[SourceTitle "FQE 05"]

1. d4 d5 2. c4 Nc6 3. Nc3 dxc4 4. Nf3 Nf6 5. Bg5 Bg4 6. e3 e6 7. Bxc4 Be7 8. O-O O-O 9. Qe2 h6 10. Bh4 Nh7 11. Bxe7 Qxe7 12. h3 Bh5 13. Ne4 Ng5 14. Nexg5 hxg5 15. g4 Bg6 16. e4 Rad8 17. Rad1 e5 18. d5 Nd4 19. Nxd4 exd4 20. Rxd4 c5 21. Rd2 Qxe4 22. Qxe4 Bxe4 23. Re1 Bg6 24. Re7 Rfe8 25. Rxb7 Re1+ 26. Kg2 Re4 27. b3 Rd4 28. Re2 Be4+ 29. Kg3 Bxd5 30. Bxd5 R4xd5 31. Ree7 Rf8 32. Rxa7 g6 33. Rab7 Kg7 34. Rec7 Rd3+ 35. Kg2 Rd2 36. a4 Rc2 37. Rb5 Re8 38. Rbxc5 Rb2 39. Rc3 Kh6 1-0

[Event "CAN-ch U20 1982-83"]
[Site "Toronto CAN"]
[Date "1983.01.01"]
[Round "7"]
[White "Hotz, Glyn"]
[Black "Kuznecov, Alex"]
[Result "0-1"]
[WhiteElo "2044"]
[BlackElo "2164"]
[PlyCount "82"]
[GameId "2160767912811113"]
[EventDate "1982.12.26"]
[EventType "tourn"]
[EventRounds "11"]
[EventCountry "CAN"]
[SourceTitle "FQE 05"]

1. e4 c5 2. Nf3 d6 3. d4 cxd4 4. Nxd4 Nf6 5. Nc3 a6 6. a4 Nc6 7. Be2 e5 8. Nb3 Be7 9. O-O O-O 10. f4 Be6 11. f5 Bd7 12. Kh1 Nb4 13. Nd5 Nbxd5 14. exd5 Qc8 15. Qd3 e4 16. Qg3 Bxf5 17. Bg5 Nxd5 18. Rad1 Nf6 19. Nd4 Bg6 20. h4 Qc5 21. b4 Qxb4 22. Nf5 Bxf5 23. Rxf5 Kh8 24. Rdf1 Qb2 25. h5 h6 26. Bc1 Qxc2 27. Bxh6 gxh6 28. Rxf6 Bxf6 29. Rxf6 Qc1+ 30. Kh2 Qg5 31. Qxd6 Rad8 32. Qb6 Rd2 33. Bf1 Kg7 34. Rf2 Qh4+ 35. Kg1 Qxf2+ 36. Qxf2 Rxf2 37. Kxf2 Rd8 38. Ke3 f5 39. Be2 Kf6 40. g4 fxg4 41. Bxg4 Ke5 0-1

[Event "CAN-ch U20 1982-83"]
[Site "Toronto CAN"]
[Date "1983.01.01"]
[Round "7"]
[White "Woodley, James"]
[Black "Gardner, Robert"]
[Result "1-0"]
[WhiteElo "2078"]
[BlackElo "1916"]
[PlyCount "63"]
[GameId "2160767912811114"]
[EventDate "1982.12.26"]
[EventType "tourn"]
[EventRounds "11"]
[EventCountry "CAN"]
[SourceTitle "FQE 05"]

1. Nf3 d5 2. d4 c6 3. Bf4 Nf6 4. e3 Bg4 5. Nbd2 e6 6. Bd3 Nbd7 7. h3 Bh5 8. O-O c5 9. dxc5 Bxc5 10. Bh2 O-O 11. e4 dxe4 12. Nxe4 Qb6 13. Qe2 Nxe4 14. Bxe4 Nf6 15. Bd3 Qc6 16. Rfd1 Rfd8 17. c4 Bxf3 18. Qxf3 Qxf3 19. gxf3 Kf8 20. Be4 Nxe4 21. fxe4 Ke7 22. Be5 f6 23. Bc3 Rd6 24. b4 Rad8 25. Rxd6 Bxd6 26. Kf1 Bf4 27. Ke2 Rc8 28. c5 Kd7 29. Kf3 e5 30. Rd1+ Kc6 31. a4 Rc7 32. Rd6# 1-0

[Event "CAN-ch U20 1982-83"]
[Site "Toronto CAN"]
[Date "1983.01.02"]
[Round "8"]
[White "Bailey, Doug"]
[Black "Hotz, Glyn"]
[Result "1-0"]
[WhiteElo "2105"]
[BlackElo "2044"]
[PlyCount "59"]
[GameId "2160767912811115"]
[EventDate "1982.12.26"]
[EventType "tourn"]
[EventRounds "11"]
[EventCountry "CAN"]
[SourceTitle "FQE 05"]

1. e4 c5 2. Nf3 Nc6 3. d4 cxd4 4. Nxd4 Qb6 5. Nb3 Nf6 6. Nc3 e6 7. Be3 Qc7 8. a3 Be7 9. Be2 O-O 10. O-O a6 11. f4 d6 12. Kh1 b5 13. Bf3 Bb7 14. Qe2 Rfd8 15. Rfd1 Nd7 16. Qf2 Rab8 17. Rd2 Ba8 18. Rad1 Bf8 19. Qg3 Rbc8 20. Qh3 Nb6 21. Bxb6 Qxb6 22. f5 Re8 23. fxe6 fxe6 24. Bg4 Nd8 25. Nd4 Rc4 26. Nxe6 h5 27. Bf5 g6 28. Nxf8 gxf5 29. Nd7 Rcxe4 30. Nxe4 1-0

[Event "CAN-ch U20 1982-83"]
[Site "Toronto CAN"]
[Date "1983.01.02"]
[Round "8"]
[White "Gardner, Robert"]
[Black "Bolduc, Steve"]
[Result "0-1"]
[WhiteElo "1916"]
[BlackElo "2099"]
[PlyCount "60"]
[GameId "2160767912811116"]
[EventDate "1982.12.26"]
[EventType "tourn"]
[EventRounds "11"]
[EventCountry "CAN"]
[SourceTitle "FQE 05"]

1. e4 c6 2. d4 d5 3. exd5 cxd5 4. Bd3 Nc6 5. c3 Nf6 6. Bg5 Qc7 7. Qc2 Bg4 8. Ne2 e6 9. Ng3 Nh5 10. Nxh5 Bxh5 11. O-O Bg6 12. Qe2 Bd6 13. h3 Bxd3 14. Qxd3 O-O 15. Nd2 Rab8 16. c4 Nb4 17. Qb3 dxc4 18. Nxc4 b5 19. Ne3 a5 20. a3 a4 21. Qd1 Nd5 22. Nxd5 exd5 23. Rc1 Qd7 24. Bd2 Rfc8 25. Rxc8+ Rxc8 26. Bc3 Bxa3 27. Qd2 Bd6 28. b4 Rc4 29. Rb1 Qc7 30. Ba1 Bxb4 0-1

[Event "CAN-ch U20 1982-83"]
[Site "Toronto CAN"]
[Date "1983.01.02"]
[Round "8"]
[White "Kuznecov, Alex"]
[Black "Barclay, Wayne"]
[Result "1-0"]
[WhiteElo "2164"]
[BlackElo "2177"]
[PlyCount "91"]
[GameId "2160767912811117"]
[EventDate "1982.12.26"]
[EventType "tourn"]
[EventRounds "11"]
[EventCountry "CAN"]
[SourceTitle "FQE 05"]

1. e4 e5 2. Nf3 Nc6 3. Bb5 a6 4. Ba4 Nf6 5. O-O b5 6. Bb3 Be7 7. Re1 O-O 8. c3 d6 9. h3 Na5 10. Bc2 c5 11. d4 Qc7 12. Nbd2 cxd4 13. cxd4 Nc6 14. Nf1 exd4 15. Ng3 Be6 16. Bf4 Qb6 17. a3 Rac8 18. Rc1 Rfe8 19. Ne2 d5 20. e5 Nd7 21. Nexd4 Bc5 22. Be3 b4 23. Nxe6 fxe6 24. Bxh7+ Kxh7 25. Ng5+ Kg8 26. Bxc5 Nxc5 27. Qh5 Ne4 28. Qf7+ Kh8 29. Qh5+ Kg8 30. Qh7+ Kf8 31. Qh8+ Ke7 32. Qxg7+ Kd8 33. Nxe4 dxe4 34. Rxc6 Qxc6 35. Rd1+ Qd5 36. Rxd5+ exd5 37. Qf6+ Re7 38. Qd6+ Rd7 39. Qb6+ Ke8 40. Qe6+ Kd8 41. Qb6+ Ke8 42. Qg6+ Kd8 43. e6 Re7 44. Qg8+ Kc7 45. Qg5 Kd6 46. Qf4+ 1-0

[Event "CAN-ch U20 1982-83"]
[Site "Toronto CAN"]
[Date "1983.01.02"]
[Round "8"]
[White "Lingo, Richard"]
[Black "Dauvergne, Peter"]
[Result "1/2-1/2"]
[WhiteElo "1871"]
[BlackElo "1991"]
[PlyCount "56"]
[GameId "2160767912811118"]
[EventDate "1982.12.26"]
[EventType "tourn"]
[EventRounds "11"]
[EventCountry "CAN"]
[SourceTitle "FQE 05"]

1. g3 d5 2. Bg2 Nf6 3. d3 e6 4. Nc3 c5 5. e4 Be7 6. Nf3 dxe4 7. Nxe4 Nxe4 8. dxe4 Qxd1+ 9. Kxd1 Nc6 10. c3 e5 11. Be3 f6 12. Bf1 Be6 13. Nd2 O-O-O 14. Kc2 f5 15. Bh3 Rhf8 16. Nb3 b6 17. Rhd1 Bd7 18. exf5 Bxf5+ 19. Bxf5+ Rxf5 20. Rxd8+ Nxd8 21. Kd3 Kd7 22. a4 Nb7 23. Ke2 Kc6 24. Rd1 Rf8 25. h3 Rd8 26. Rxd8 Bxd8 27. Kd3 Kd5 28. c4+ Ke6 1/2-1/2

[Event "CAN-ch U20 1982-83"]
[Site "Toronto CAN"]
[Date "1983.01.02"]
[Round "8"]
[White "Moffat, Andrei"]
[Black "Woodley, James"]
[Result "1/2-1/2"]
[WhiteElo "1946"]
[BlackElo "2078"]
[PlyCount "118"]
[GameId "2160767912811119"]
[EventDate "1982.12.26"]
[EventType "tourn"]
[EventRounds "11"]
[EventCountry "CAN"]
[SourceTitle "FQE 05"]

1. Nc3 d6 2. e4 e5 3. Nf3 c6 4. d4 Nd7 5. dxe5 dxe5 6. Bc4 Be7 7. O-O Ngf6 8. Bg5 O-O 9. Qe2 h6 10. Bh4 Re8 11. Rad1 Qc7 12. a3 a5 13. h3 a4 14. Rd2 b5 15. Bxf6 Nxf6 16. Ba2 Bc5 17. Nh4 Be6 18. Bxe6 Rxe6 19. Rfd1 g6 20. g3 Kg7 21. Kg2 Qe7 22. Rd3 Rd6 23. Na2 Rad8 24. Nf3 Qe6 25. Nc3 R8d7 26. R1d2 Qe7 27. Na2 Qe6 28. Nc3 Rd8 29. Rd1 R8d7 30. Rxd6 Rxd6 31. Rd3 Rxd3 32. Qxd3 Nd7 33. Nd2 Qe7 34. Ne2 Nb6 35. Qc3 Qd6 36. Qd3 Kf6 37. Qxd6+ Bxd6 38. f4 Ke6 39. Kf3 Kd7 40. Ke3 Ke6 41. Kd3 h5 42. c4 bxc4+ 43. Nxc4 Nxc4 44. Kxc4 h4 45. fxe5 Bxe5 46. gxh4 Bxb2 47. Nf4+ Kd6 48. Kb4 Bxa3+ 49. Kxa3 Ke5 50. h5 gxh5 51. Nxh5 Kxe4 52. Kxa4 Kf5 53. Kb4 Kg5 54. Ng3 Kh4 55. Ne2 Kxh3 56. Kc5 f5 57. Kxc6 Kg2 58. Kd6 Kf2 59. Ke5 Kxe2 1/2-1/2

[Event "CAN-ch U20 1982-83"]
[Site "Toronto CAN"]
[Date "1983.01.03"]
[Round "9"]
[White "Barclay, Wayne"]
[Black "Bailey, Doug"]
[Result "1/2-1/2"]
[WhiteElo "2177"]
[BlackElo "2105"]
[PlyCount "89"]
[GameId "2160767912811121"]
[EventDate "1982.12.26"]
[EventType "tourn"]
[EventRounds "11"]
[EventCountry "CAN"]
[SourceTitle "FQE 05"]

1. e4 c5 2. Ne2 d6 3. Nbc3 Nf6 4. g3 Nc6 5. Bg2 g6 6. d4 cxd4 7. Nxd4 Bd7 8. O-O Bg7 9. Nde2 O-O 10. h3 Rc8 11. Re1 Ne5 12. a4 a6 13. Nd5 Nxd5 14. exd5 Rc7 15. Nd4 Qc8 16. Kh2 Bf5 17. f4 Nc4 18. Nxf5 Qxf5 19. Ra2 Nb6 20. a5 Nc8 21. Be4 Qd7 22. Be3 Qb5 23. Qd3 Qd7 24. c4 e6 25. Rd1 Re8 26. b4 Kh8 27. Bf2 Qd8 28. dxe6 fxe6 29. Re2 Qf6 30. Kg2 Rce7 31. Bd4 Qxd4 32. Qxd4 Bxd4 33. Rxd4 Kg7 34. Bd3 Kf7 35. Rd2 Kf6 36. Kf3 Kg7 37. Be2 Rf7 38. Kg2 Rf6 39. Bg4 Rf7 40. Re4 Rfe7 41. Bd1 Rf8 42. Bb3 Rd8 43. g4 Kf6 44. Kg3 Na7 45. Ba4 1/2-1/2

[Event "CAN-ch U20 1982-83"]
[Site "Toronto CAN"]
[Date "1983.01.03"]
[Round "9"]
[White "Bolduc, Steve"]
[Black "Moffat, Andrei"]
[Result "0-1"]
[WhiteElo "2099"]
[BlackElo "1946"]
[PlyCount "116"]
[GameId "2160767912811122"]
[EventDate "1982.12.26"]
[EventType "tourn"]
[EventRounds "11"]
[EventCountry "CAN"]
[SourceTitle "FQE 05"]

1. Nf3 Nc6 2. d4 d5 3. Bf4 Nf6 4. e3 Bg4 5. h3 Bh5 6. c4 e6 7. a3 Bd6 8. Bxd6 Qxd6 9. c5 Qe7 10. Qb3 Rb8 11. Nbd2 O-O 12. Bd3 e5 13. dxe5 Nxe5 14. Nxe5 Qxe5 15. O-O Ne4 16. Qc2 f5 17. f4 Qe7 18. Bxe4 dxe4 19. Nb3 Rfd8 20. Nd4 Rd5 21. Qb3 Qd7 22. c6 Qf7 23. Rac1 b6 24. Nb5 Rbd8 25. Rfe1 Kh8 26. Nd4 Qg6 27. Qc2 R8d6 28. Qf2 Qf7 29. b4 a6 30. Qf1 a5 31. Rc2 h6 32. Rb1 Qf6 33. bxa5 Rxa5 34. Rxb6 Rxd4 35. exd4 Qxd4+ 36. Qf2 e3 37. Rb8+ Kh7 38. Qe1 e2+ 39. Kh1 Qxf4 40. Rc1 Rxa3 41. Rb4 Qg5 42. Rc3 Rxc3 43. Qxc3 Qf6 44. Qe1 Qxc6 45. Rb1 Qd5 46. Rc1 c5 47. Kh2 f4 48. Rc3 Qd1 49. Rc1 Qd6 50. Kh1 f3 51. g4 Bg6 52. Kg1 Qd4+ 53. Qf2 Qd2 54. Re1 c4 55. Kh2 c3 56. Kg3 Be4 57. h4 c2 58. Qg1 Qd1 0-1

[Event "CAN-ch U20 1982-83"]
[Site "Toronto CAN"]
[Date "1983.01.03"]
[Round "9"]
[White "Dauvergne, Peter"]
[Black "Kuznecov, Alex"]
[Result "0-1"]
[WhiteElo "1991"]
[BlackElo "2164"]
[PlyCount "74"]
[GameId "2160767912811123"]
[EventDate "1982.12.26"]
[EventType "tourn"]
[EventRounds "11"]
[EventCountry "CAN"]
[SourceTitle "FQE 05"]

1. d4 Nf6 2. c4 g6 3. Nc3 d5 4. Nf3 Bg7 5. Bf4 O-O 6. e3 c5 7. dxc5 Qa5 8. Qa4 Qxc5 9. Be2 Bd7 10. Qb3 dxc4 11. Qxc4 Qb6 12. O-O Rc8 13. Qb3 Qxb3 14. axb3 Nc6 15. Rfd1 Be6 16. Bc4 Bxc4 17. bxc4 Nh5 18. Rac1 Nxf4 19. exf4 Na5 20. Rd7 Rxc4 21. Rxe7 Bf6 22. Rd7 Rd8 23. Rxd8+ Bxd8 24. g3 Kg7 25. Rd1 Bf6 26. Ne5 Bxe5 27. fxe5 Rb4 28. Ra1 Nc6 29. Ra2 Nxe5 30. Kf1 a6 31. Ke2 Nc4 32. Nd1 Rb3 33. Ra4 Nxb2 34. Nxb2 Rxb2+ 35. Ke3 Kf6 36. Rf4+ Ke6 37. Rd4 Rc2 0-1

[Event "CAN-ch U20 1982-83"]
[Site "Toronto CAN"]
[Date "1983.01.03"]
[Round "9"]
[White "Hotz, Glyn"]
[Black "O'Donnell, Tom"]
[Result "1/2-1/2"]
[WhiteElo "2044"]
[BlackElo "2163"]
[PlyCount "410"]
[GameId "2160767912811124"]
[EventDate "1982.12.26"]
[EventType "tourn"]
[EventRounds "11"]
[EventCountry "CAN"]
[SourceTitle "FQE 05"]

1. e4 e5 2. Nf3 Nc6 3. Bb5 a6 4. Bxc6 dxc6 5. d4 exd4 6. Qxd4 Qxd4 7. Nxd4 Nf6 8. f3 Bc5 9. Be3 O-O 10. Nd2 Re8 11. Kf2 Bd7 12. Rhe1 Rad8 13. N4b3 Bxe3+ 14. Rxe3 b6 15. Rd3 c5 16. Rd1 Bb5 17. Rxd8 Rxd8 18. Ke1 Ne8 19. Nb1 Rxd1+ 20. Kxd1 Nd6 21. N3d2 Kf8 22. Nc3 Bc6 23. Nf1 Ke7 24. Ne3 Bd7 25. Ncd5+ Kd8 26. Ke2 b5 27. h4 Be6 28. a3 f6 29. g4 Bf7 30. g5 fxg5 31. hxg5 h6 32. gxh6 gxh6 33. b4 Nb7 34. e5 c6 35. Nf4 cxb4 36. axb4 c5 37. e6 Be8 38. c3 cxb4 39. cxb4 a5 40. bxa5 Nxa5 41. Nfd5 Bc6 42. f4 Nc4 43. Nb4 Be4 44. Ned5 Bxd5 45. Nxd5 Nd6 46. Ke3 b4 47. Kd4 b3 48. Kc3 h5 49. e7+ Ke8 50. Nf6+ Kxe7 51. Nxh5 Nc4 52. Kxb3 Ne3 53. Ng3 Ng2 54. f5 Kf6 55. Kc3 Nh4 56. Kd3 Nxf5 57. Nh5+ Kg6 58. Ng3 Nd6 59. Ne4 Nf5 60. Nd2 Kf6 61. Ke4 Ke6 62. Kf3 Nd4+ 63. Kf2 Nb3 64. Nc4 Na1 65. Nb6 Kd6 66. Na8 Kc6 67. Ke3 Kb7 68. Kd3 Kc6 69. Kc3 Kb7 70. Kb2 Kb8 71. Kc1 Kc8 72. Kd1 Kd8 73. Kd2 Kd7 74. Kd3 Kd6 75. Nb6 Nb3 76. Nd5 Nd4 77. Nf4 Nf5 78. Ng6 Ng3 79. Nh8 Nh1 80. Ke3 Ke6 81. Kf4 Kd5 82. Kf3 Kd4 83. Kg4 Ke3 84. Kh3 Kf2 85. Kh4 Kf3 86. Kh5 Kf4 87. Nf7 Kf5 88. Ng5 Kf6 89. Kh4 Kg7 90. Kh3 Kf8 91. Kg4 Ke7 92. Kf3 Kd7 93. Ke2 Ke7 94. Ke1 Kf6 95. Nf3 Kf5 96. Ng1 Ke5 97. Ne2 Kd6 98. Nc3 Kc5 99. Nb1 Ng3 100. Kd1 Nf5 101. Nc3 Kc4 102. Kc2 Nd4+ 103. Kc1 Nc2 104. Ne2 Kc5 105. Kxc2 Kd5 106. Nf4+ Kc5 107. Ne6+ Kc6 108. Nd8+ Kd6 109. Nb7+ Kd7 110. Nc5+ Kd8 111. Ne6+ Ke8 112. Ng7+ Ke7 113. Nf5+ Ke6 114. Nd4+ Ke5 115. Nf3+ Ke4 116. Ng5+ Kf4 117. Nh3+ Kf3 118. Ng1+ Kf4 119. Ne2+ Kf3 120. Nd4+ Kf4 121. Ne6+ Ke4 122. Ng5+ Ke5 123. Nf3+ Ke6 124. Nd4+ Kd6 125. Nb5+ Kd5 126. Nc3+ Kc5 127. Ne4+ Kb5 128. Nc3+ Kb6 129. Nd5+ Kb5 130. Nc3+ Kb6 131. Nd5+ Kc6 132. Ne7+ Kd6 133. Nf5+ Ke6 134. Nd4+ Ke5 135. Nf3+ Ke4 136. Nd2+ Kd4 137. Nb3+ Kc4 138. Na5+ Kc5 139. Nb7+ Kc6 140. Nd8+ Kd6 141. Nf7+ Ke6 142. Ng5+ Kf6 143. Ne4+ Kf5 144. Ng3+ Kf4 145. Ne2+ Kf3 146. Ng1+ Kg3 147. Ne2+ Kg2 148. Nf4+ Kf2 149. Nh3+ Kf3 150. Ng1+ Kf4 151. Nh3+ Ke4 152. Ng5+ Ke5 153. Nf7+ Ke6 154. Kc3 Kxf7 155. Kd4 Kf8 156. Ke4 Ke8 157. Ke5 Kd8 158. Kf6 Kc8 159. Ke6 Kb7 160. Kd6 Kb6 161. Kd7 Kb5 162. Kc7 Kc5 163. Kd7 Kc4 164. Ke7 Kc3 165. Ke8 Kd2 166. Kd8 Ke1 167. Kc7 Kf2 168. Kb6 Kg3 169. Ka5 Kh4 170. Kb4 Kg5 171. Kc3 Kf6 172. Kd2 Ke7 173. Ke1 Kd8 174. Kf2 Kc7 175. Kg3 Kb6 176. Kh4 Ka5 177. Kg5 Kb4 178. Kf6 Kc3 179. Ke7 Kd2 180. Kd8 Ke1 181. Kc8 Kf1 182. Kb8 Kg1 183. Ka8 Kh1 184. Ka7 Kh2 185. Ka6 Kh3 186. Ka5 Kh4 187. Ka4 Kh5 188. Ka3 Kh6 189. Ka2 Kh7 190. Ka1 Kh8 191. Kb1 Kg8 192. Kc1 Kf8 193. Kd1 Ke8 194. Ke1 Kd8 195. Kf1 Kc8 196. Kg1 Kb8 197. Kh1 Ka8 198. Kh2 Ka7 199. Kh3 Ka6 200. Kh4 Ka5 201. Kh5 Ka4 202. Kh6 Ka3 203. Kh7 Ka2 204. Kh8 Ka1 205. Kg7 Kb2 1/2-1/2

[Event "CAN-ch U20 1982-83"]
[Site "Toronto CAN"]
[Date "1983.01.03"]
[Round "9"]
[White "Woodley, James"]
[Black "Lingo, Richard"]
[Result "1-0"]
[WhiteElo "2078"]
[BlackElo "1871"]
[PlyCount "53"]
[GameId "2160767912811126"]
[EventDate "1982.12.26"]
[EventType "tourn"]
[EventRounds "11"]
[EventCountry "CAN"]
[SourceTitle "FQE 05"]

1. b3 b5 2. Bb2 Bb7 3. e3 Nf6 4. Nf3 b4 5. d4 e6 6. c4 Be7 7. Bd3 O-O 8. Nbd2 c5 9. O-O d5 10. Qe2 Nc6 11. Rad1 Rc8 12. Bb1 Qc7 13. dxc5 Na5 14. Ne5 Bxc5 15. cxd5 Nxd5 16. Ne4 Nc3 17. Nxc3 bxc3 18. Bxc3 Bd6 19. Qd3 g6 20. Bxa5 Qxa5 21. Qxd6 Rcd8 22. Nd7 Ba6 23. Rfe1 Qb5 24. Bd3 Rxd7 25. Bxb5 Rxd6 26. Rxd6 Bxb5 27. a4 1-0

[Event "CAN-ch U20 1982-83"]
[Site "Toronto CAN"]
[Date "1983.01.04"]
[Round "10"]
[White "Bailey, Doug"]
[Black "Dauvergne, Peter"]
[Result "1/2-1/2"]
[WhiteElo "2105"]
[BlackElo "1991"]
[PlyCount "30"]
[GameId "2160767912811127"]
[EventDate "1982.12.26"]
[EventType "tourn"]
[EventRounds "11"]
[EventCountry "CAN"]
[SourceTitle "FQE 05"]

1. e4 e6 2. d4 d5 3. Nc3 dxe4 4. Nxe4 Be7 5. Nf3 Nf6 6. Nxf6+ Bxf6 7. Be3 O-O 8. Qd2 c5 9. dxc5 Qxd2+ 10. Nxd2 Bxb2 11. Rb1 Bf6 12. Be2 Nc6 13. Bf3 Rd8 14. Nc4 Bc3+ 15. Ke2 e5 1/2-1/2

[Event "CAN-ch U20 1982-83"]
[Site "Toronto CAN"]
[Date "1983.01.04"]
[Round "10"]
[White "Hotz, Glyn"]
[Black "Barclay, Wayne"]
[Result "0-1"]
[WhiteElo "2044"]
[BlackElo "2177"]
[PlyCount "60"]
[GameId "2160767912811128"]
[EventDate "1982.12.26"]
[EventType "tourn"]
[EventRounds "11"]
[EventCountry "CAN"]
[SourceTitle "FQE 05"]

1. e4 e6 2. d4 d5 3. Nc3 Bb4 4. Nge2 dxe4 5. a3 Bxc3+ 6. Nxc3 Nc6 7. Bb5 Nge7 8. Nxe4 O-O 9. c3 e5 10. Bg5 f6 11. Qb3+ Kh8 12. Be3 exd4 13. Rd1 Qe8 14. cxd4 f5 15. Nc3 f4 16. Bc1 Nf5+ 17. Kf1 Nfxd4 18. Bxc6 Nxc6 19. h4 g6 20. Qc4 a5 21. b4 Be6 22. Qe4 axb4 23. axb4 Bb3 24. Re1 Qxe4 25. Rxe4 f3 26. Bb2 Bc2 27. Re6 Nxb4 28. Re7 Nd3 29. Rd7 Nxb2 30. Rd2 Ra1+ 0-1

[Event "CAN-ch U20 1982-83"]
[Site "Toronto CAN"]
[Date "1983.01.04"]
[Round "10"]
[White "Kuznecov, Alex"]
[Black "Woodley, James"]
[Result "1-0"]
[WhiteElo "2164"]
[BlackElo "2078"]
[PlyCount "37"]
[GameId "2160767912811129"]
[EventDate "1982.12.26"]
[EventType "tourn"]
[EventRounds "11"]
[EventCountry "CAN"]
[SourceTitle "CFC 1983.03"]

1. e4 c5 2. Nf3 d6 3. d4 cxd4 4. Nxd4 Nf6 5. Nc3 Nc6 6. Bc4 e6 7. Be3 Be7 8. Qe2 a6 9. O-O-O Qc7 10. Bb3 O-O 11. g4 Nd7 12. g5 Nc5 13. Rhg1 Bd7 14. Qh5 Rfe8 15. Rg3 Nxd4 16. Bxd4 Nxb3+ 17. axb3 g6 18. Qxh7+ Kxh7 19. Rh3+ 1-0

[Event "CAN-ch U20 1982-83"]
[Site "Toronto CAN"]
[Date "1983.01.04"]
[Round "10"]
[White "Lingo, Richard"]
[Black "Bolduc, Steve"]
[Result "1/2-1/2"]
[WhiteElo "1871"]
[BlackElo "2099"]
[PlyCount "55"]
[GameId "2160767912811130"]
[EventDate "1982.12.26"]
[EventType "tourn"]
[EventRounds "11"]
[EventCountry "CAN"]
[SourceTitle "FQE 05"]

1. Nf3 g6 2. e4 Bg7 3. d4 d6 4. Be2 c6 5. a4 a5 6. O-O Qc7 7. Nc3 Bg4 8. Be3 Nf6 9. Qd2 O-O 10. Rad1 Rc8 11. h3 Bd7 12. Ne1 b5 13. Bf3 bxa4 14. Nxa4 Na6 15. b3 Rab8 16. Nd3 Be8 17. Bh6 Bh8 18. Rfe1 Nd7 19. e5 dxe5 20. dxe5 Nxe5 21. Nxe5 Bxe5 22. Qe2 Bh2+ 23. Kh1 Nb4 24. Qxe7 Qxe7 25. Rxe7 Bc7 26. Bg4 Nd5 27. Bxc8 Nxe7 28. Bg4 1/2-1/2